| 000 | 00410 a2200169 4500 | ||
|---|---|---|---|
| 001 | 0663 | ||
| 005 | 20140414132013.0 | ||
| 020 | _a0-590-44153-1 | ||
| 050 |
_aTR _bSCH6 1984 |
||
| 100 | 1 | _aCrews, Donald | |
| 245 | 1 | 0 |
_aSchool bus. / _cby Donald Crews. |
| 260 |
_aNew York : _bScholastic, _c1984. |
||
| 300 | _a1 v.p. : ill. ; cm. | ||
| 650 | 4 |
_aBus _xFiction. |
|
| 650 | 4 | _aChildren stories. | |
| 999 |
_c113306 _d113306 |
||